00505nam a22001577a 4500010001400000020002600014035001700040037001300057082000600070100002100076245010800097260003200205270006800237300002000305700002200325 a1718CH-EN a9789384757960c199.00 aB-673200-205 aDPLbBSB aS aSharma, Natasha  aSquiggle gets stuck:cby Natasha Sharma; illustrated by Vikram Nandwaniball about muddled sentences /  aGurgaon bPuffin Bookc2016 a7th Floor, Infinity Tower C, DLF Cyber City, bGurgaon e122002 a84p.c19cm(pbk) aNandwani, Vikram